Gujarat (Record no. 889240)

MARC details
000 -LEADER
fixed length control field 00715nam a2200253Ia 4500
003 - CONTROL NUMBER IDENTIFIER
control field OSt
005 - DATE AND TIME OF LATEST TRANSACTION
control field 20220930184912.0
008 - FIXED-LENGTH DATA ELEMENTS--GENERAL INFORMATION
fixed length control field 220926b |||||||| |||| 00| 0 eng d
037 ## - SOURCE OF ACQUISITION
Terms of availability General Books
040 ## - CATALOGING SOURCE
Original cataloging agency CRL
Transcribing agency CRL
Language of cataloging eng
041 ## - LANGUAGE CODE
Source of code eng
Language code of text/sound track or separate title eng
100 ## - MAIN ENTRY--PERSONAL NAME
Personal name Satya Prakash Ed.
245 #0 - TITLE STATEMENT
Title Gujarat
Remainder of title A select bibliography
260 ## - PUBLICATION, DISTRIBUTION, ETC.
Place of publication, distribution, etc. Gurgaon
Name of publisher, distributor, etc. Indian Documentation Services
Date of publication, distribution, etc. 1976
300 ## - PHYSICAL DESCRIPTION
Extent 168p.
Dimensions cm.
490 ## - SERIES STATEMENT
Series statement Indian states bibliography series; 4
650 ## - SUBJECT ADDED ENTRY--TOPICAL TERM
Topical term or geographic name entry element HISTORY
942 ## - ADDED ENTRY ELEMENTS (KOHA)
Classification part V236aN76<-N62, L6
Koha item type General Books
Source of classification or shelving scheme Colon Classification (CC)
Holdings
Withdrawn status Lost status Damaged status Not for loan Home library Current library Date acquired Total Checkouts Full call number Barcode Date last seen Price effective from Koha item type
        Central Library Central Library 2022-09-30   V236aN76<-N62 L6 CL0797328 2022-09-30 2022-09-30 General Books
Copyright @ Delhi University Library System